000 00607nam a2200217Ia 4500
003 OSt
005 20220923211859.0
006 a|||||r|||| 00| 0
007 ta
008 Pun
024 _a65,179
037 _cTextual
040 _aARTS
_cARTS
_bPun
041 _2Pun
_aPun
082 _aQ8441:2J59,V:g, 153L1
100 _aਰਾਜਿੰਦਰ ਕੌਰ, ੍ਹ
_9159305
245 0 _aਭਾਈ ਗੁਰਦਾਸ ਦੀਆਂ ਵਾਰਾਂ
260 _c1971
942 _hQ8441:2J59,V:g, 153L1
_cTEXL
_2CC
999 _c304349
_d304349